| 000 | 00629nam a22002057a 4500 | ||
|---|---|---|---|
| 003 | OSt | ||
| 005 | 20131018171100.0 | ||
| 008 | 130424s2004 sp ||||| |||| 00| 0 cat d | ||
| 020 | _a8496201139 | ||
| 040 | _cCDMR | ||
| 245 | 0 | 0 |
_aSr. Director _b: les millors cartes dels lectors de La Vanguardia _cedició d'Ismael Nafría ; pròleg de Màrius Carol |
| 260 |
_aBarcelona _bAra Llibres _c2004 |
||
| 300 | _a205 p. | ||
| 490 | 0 | _aSèrie A | |
| 610 | 2 |
_91150 _aLa Vanguardia (Diari) |
|
| 650 | 0 | 4 |
_9195 _aPremsa _zCatalunya |
| 700 | 1 |
_93255 _aNafría, Ismael _d1968- _eed. |
|
| 700 | 1 |
_9817 _aCarol Pañella, Màrius |
|
| 942 |
_2udc _cMON |
||
| 999 |
_c6119 _d6119 |
||